Statistics for Countries invaded by the US

Click here to take the quiz!

General Stats

  • This quiz has been taken 105 times
  • The average score is 17 of 27

Answer Stats

YearCountry% Correct
1944Germany
93%
1991Iraq
93%
2003Iraq
93%
1846Mexico
91%
1812Canada
90%
1942France
90%
1942Japan
86%
1961Cuba
83%
1898Spain
81%
2001Afghanistan
80%
2015Syria
79%
1943Italy
78%
1918Russia
65%
1989Panama
64%
1983Grenada
59%
1951North Korea
57%
1898Philippines
57%
1970Cambodia
56%
1971Laos
56%
1915Haiti
46%
1994Haiti
46%
1965Dominican Republic
44%
1871Korea
44%
1815Algeria
38%
1861Confederate States
27%
1893Hawaii
16%
1941Greenland
1%

Score Distribution

Percentile by Number Answered

Percent of People with Each Score

Your Score History

You have not taken this quiz